<?xml version="1.0" encoding="UTF-8"?>
<record
    xmlns:xsi="http://www.w3.org/2001/XMLSchema-instance"
    xsi:schemaLocation="http://www.loc.gov/MARC21/slim http://www.loc.gov/standards/marcxml/schema/MARC21slim.xsd"
    xmlns="http://www.loc.gov/MARC21/slim">

  <leader>01835nam a2200229Ia 4500</leader>
  <datafield tag="999" ind1=" " ind2=" ">
    <subfield code="c">2657</subfield>
    <subfield code="d">2657</subfield>
  </datafield>
  <controlfield tag="008">200103s      2006     ||||xx |||||||||||||| ||und||</controlfield>
  <datafield tag="020" ind1=" " ind2=" ">
    <subfield code="a">9780713667318</subfield>
  </datafield>
  <datafield tag="082" ind1=" " ind2=" ">
    <subfield code="a">623.85</subfield>
    <subfield code="b">JAC</subfield>
  </datafield>
  <datafield tag="100" ind1=" " ind2=" ">
    <subfield code="a">Jackson, Leslie</subfield>
  </datafield>
  <datafield tag="245" ind1=" " ind2="0">
    <subfield code="a">Reed's instrumentation and control systems</subfield>
  </datafield>
  <datafield tag="250" ind1=" " ind2=" ">
    <subfield code="a">4th</subfield>
  </datafield>
  <datafield tag="260" ind1=" " ind2=" ">
    <subfield code="b">Adlard Coles Nautical</subfield>
    <subfield code="c">1992</subfield>
    <subfield code="a">London</subfield>
  </datafield>
  <datafield tag="300" ind1=" " ind2=" ">
    <subfield code="a">359 p. : ill.</subfield>
  </datafield>
  <datafield tag="440" ind1=" " ind2=" ">
    <subfield code="a">Reed's marine engineering series</subfield>
  </datafield>
  <datafield tag="504" ind1=" " ind2=" ">
    <subfield code="a">1.Temperature Measurement
 2. Pressure Measurement
 3. Level Measurement
 4. Flow Measurement
 5. Other Measurements
 6. Telemetering
 7. Electronic Devices
 8. Final Controlling Elements
 9. Process Control Theory
 10. Pneumatic Control Principles
 11. Electronic Control Principles
 12. Actual Controller Types
 13. Typical Control Circuits
 14. Kinetic Control Systems
 15. Control System Analysis
 16. Logic and Computing

</subfield>
  </datafield>
  <datafield tag="520" ind1=" " ind2=" ">
    <subfield code="a">Aiming to bridge the gap between the mathematical treatment often used by specialist control engineers and the (necessarily) narrow descriptive literature of a particular manufacturer, this book covers the requirements of DoT and all BTEC and SCOTVEC syllabuses for Marine Engineer Officers and Cadets. Test examples and speciment exam questions are provided, along with many explanatory diagrams. This book is written primarily for those with a good general engineering background who have had little experience in instrumentation and control. It favours marine engineering, but students and engineers in other industries should find it a useful reference as the subject has a common basis. The text is presented from basic principles, using analogues where appropriate.</subfield>
  </datafield>
  <datafield tag="650" ind1=" " ind2=" ">
    <subfield code="a">Engineering instruments</subfield>
  </datafield>
  <datafield tag="650" ind1=" " ind2=" ">
    <subfield code="a">Automatic control</subfield>
  </datafield>
  <datafield tag="650" ind1=" " ind2=" ">
    <subfield code="a">Feedback control systems</subfield>
  </datafield>
  <datafield tag="650" ind1=" " ind2=" ">
    <subfield code="a">Marine engineering</subfield>
  </datafield>
  <datafield tag="942" ind1=" " ind2=" ">
    <subfield code="c">RT</subfield>
  </datafield>
  <datafield tag="952" ind1=" " ind2=" ">
    <subfield code="0">0</subfield>
    <subfield code="1">0</subfield>
    <subfield code="2">ddc</subfield>
    <subfield code="4">0</subfield>
    <subfield code="6">623_850000000000000_JAC</subfield>
    <subfield code="7">0</subfield>
    <subfield code="8">NFIC</subfield>
    <subfield code="9">3762</subfield>
    <subfield code="a">MU</subfield>
    <subfield code="b">MU</subfield>
    <subfield code="c">GEN</subfield>
    <subfield code="d">2020-01-08</subfield>
    <subfield code="o">623.85 JAC</subfield>
    <subfield code="p">LBS12766</subfield>
    <subfield code="r">2025-03-17</subfield>
    <subfield code="y">RT</subfield>
    <subfield code="z">Column - 35</subfield>
  </datafield>
  <datafield tag="952" ind1=" " ind2=" ">
    <subfield code="0">0</subfield>
    <subfield code="1">0</subfield>
    <subfield code="2">ddc</subfield>
    <subfield code="4">0</subfield>
    <subfield code="6">623_850000000000000_JAC</subfield>
    <subfield code="7">0</subfield>
    <subfield code="8">NFIC</subfield>
    <subfield code="9">13702</subfield>
    <subfield code="a">MU</subfield>
    <subfield code="b">MU</subfield>
    <subfield code="c">GEN</subfield>
    <subfield code="d">2020-01-08</subfield>
    <subfield code="l">1</subfield>
    <subfield code="m">1</subfield>
    <subfield code="o">623.85 JAC</subfield>
    <subfield code="p">LBS12767</subfield>
    <subfield code="r">2025-03-17</subfield>
    <subfield code="s">2020-10-05</subfield>
    <subfield code="y">BK</subfield>
    <subfield code="z">Column - 35</subfield>
  </datafield>
  <datafield tag="952" ind1=" " ind2=" ">
    <subfield code="0">0</subfield>
    <subfield code="1">0</subfield>
    <subfield code="2">ddc</subfield>
    <subfield code="4">0</subfield>
    <subfield code="6">623_850000000000000_JAC</subfield>
    <subfield code="7">0</subfield>
    <subfield code="8">NFIC</subfield>
    <subfield code="9">13894</subfield>
    <subfield code="a">MU</subfield>
    <subfield code="b">MU</subfield>
    <subfield code="c">GEN</subfield>
    <subfield code="d">2020-01-08</subfield>
    <subfield code="o">623.85 JAC</subfield>
    <subfield code="p">LBS12768</subfield>
    <subfield code="r">2025-03-17</subfield>
    <subfield code="y">BK</subfield>
    <subfield code="z">Column - 35</subfield>
  </datafield>
</record>
